[Event "BL 8990 Dortmund-Lasker"]
[Site "?"]
[Date "1989.??.??"]
[Round "?.2"]
[White "Mainka, R."]
[Black "Fries Nielsen, J."]
[Result "1-0"]
[WhiteElo "2450"]
[BlackElo "2425"]
[PlyCount "67"]
[EventDate "1989.??.??"]

1. e4 c6 2. d4 d5 3. exd5 cxd5 4. c4 Nf6 5. Nc3 g6 6. Qb3 Bg7 7. cxd5 O-O 8.
Be2 Nbd7 9. Bf3 Nb6 10. Bg5 Bf5 11. Rd1 Qd7 12. h3 h5 13. Nge2 Nc8 14. O-O Nd6
15. Ng3 Rac8 16. Rfe1 Rfe8 17. Bf4 b6 18. Be2 h4 19. Nxf5 Qxf5 20. Be5 Qd7 21.
Ba6 Rcd8 22. Re2 Nh5 23. Qc2 Rf8 24. Qd2 Nf5 25. Bb5 Qc8 26. Qc2 Bh6 27. Bd3
Nhg7 28. Bxg7 Nxg7 29. Rxe7 Bg5 30. Re2 Bf4 31. Re4 Bb8 32. Rxh4 Qd7 33. Qd2
Qd6 34. g3 1-0

[Event "BL 8990 Dortmund-Lasker"]
[Site "?"]
[Date "1989.??.??"]
[Round "?.3"]
[White "Muse, M."]
[Black "Keitlinghaus, L."]
[Result "1/2-1/2"]
[WhiteElo "2415"]
[BlackElo "2405"]
[PlyCount "81"]
[EventDate "1989.??.??"]

1. Nf3 e6 2. c4 c5 3. d4 cxd4 4. Nxd4 a6 5. g3 Qc7 6. b3 b6 7. Bg2 Bb7 8. e4
Nf6 9. Qe2 Nc6 10. Nc2 Be7 11. O-O d6 12. Nc3 O-O 13. Bb2 Rad8 14. Rac1 Rfe8
15. Ne3 Qb8 16. Rfd1 Ne5 17. f4 Ned7 18. Rd2 Qa8 19. Ned1 d5 20. e5 Ne4 21.
Nxe4 dxe4 22. Bd4 Nc5 23. Be3 Nd3 24. Rb1 Bb4 25. Rc2 Ne1 26. Rcc1 Nxg2 27.
Kxg2 Rd2 28. Bxd2 e3+ 29. Kf1 exd2 30. Rc3 Be4 31. Rb2 Bf5 32. Kg1 Bc5+ 33. Re3
h5 34. Rxd2 Bg4 35. Qd3 Qf3 36. b4 Bxe3+ 37. Nxe3 Bh3 38. Qe2 Qe4 39. Qd3 Qf3
40. Rf2 Qa8 41. Rd2 1/2-1/2

[Event "BL 8990 Dortmund-Lasker"]
[Site "?"]
[Date "1989.??.??"]
[Round "?.5"]
[White "Junge, R."]
[Black "Thesing, M."]
[Result "0-1"]
[WhiteElo "2360"]
[BlackElo "2370"]
[PlyCount "84"]
[EventDate "1989.??.??"]

1. e4 c5 2. d4 cxd4 3. c3 Nf6 4. e5 Nd5 5. Qxd4 e6 6. Nf3 Nc6 7. Qe4 Qc7 8. Bb5
a6 9. Bxc6 Qxc6 10. O-O b5 11. a4 Nb6 12. Qxc6 dxc6 13. a5 Nd7 14. Nbd2 Bb7 15.
b3 Be7 16. Rd1 c5 17. Bb2 Rd8 18. c4 b4 19. Kf1 O-O 20. Ke2 Nb8 21. Nf1 Rxd1
22. Rxd1 Rd8 23. Ra1 Bxf3+ 24. gxf3 Bg5 25. Ra2 Nc6 26. Ba1 Bf4 27. Ng3 Bxe5
28. Bxe5 Nxe5 29. Ne4 Nd3 30. Ke3 Nc1 31. Rd2 Rxd2 32. Nxd2 Kf8 33. f4 Ke7 34.
Kf3 h6 35. Ke3 f5 36. Kf3 g5 37. h3 Kf6 38. fxg5+ hxg5 39. Ke3 e5 40. Kf3 e4+
41. Ke3 Ke5 42. h4 f4# 0-1

[Event "BL 8990 Dortmund-Lasker"]
[Site "?"]
[Date "1989.??.??"]
[Round "?.6"]
[White "Finegold, B."]
[Black "Maxion, D."]
[Result "0-1"]
[WhiteElo "2375"]
[BlackElo "2210"]
[PlyCount "83"]
[EventDate "1989.??.??"]

1. b3 Nf6 2. Bb2 g6 3. g3 Bg7 4. Bg2 O-O 5. Nf3 d6 6. d4 Nbd7 7. O-O e5 8. dxe5
Ng4 9. Nc3 dxe5 10. e4 f5 11. Qe2 c6 12. Nd2 Nh6 13. Nc4 Nf7 14. Rad1 f4 15.
Ba3 Re8 16. Nb1 Bf8 17. Bb2 Qf6 18. gxf4 Qxf4 19. Rd3 Nf6 20. Nbd2 Nh5 21. Re1
Qf6 22. Qf1 b5 23. Rf3 Qd8 24. Rd3 Qc7 25. Na3 Nf4 26. Rg3 Qa5 27. Ndb1 Be7 28.
Bc3 Qc7 29. Bd2 Be6 30. c4 Rad8 31. cxb5 Rxd2 32. Nxd2 Bxa3 33. bxc6 Qxc6 34.
Nc4 Bc5 35. Rf3 Bd4 36. Rd1 Qc5 37. Ne3 Nd6 38. Rg3 Kh8 39. Kh1 Rf8 40. Rc1 Qb6
41. Re1 Qa5 42. Nc2 0-1

[Event "BL 8990 Dortmund-Lasker"]
[Site "?"]
[Date "1989.??.??"]
[Round "?.8"]
[White "Buecker, P."]
[Black "Paulsen, D."]
[Result "0-1"]
[WhiteElo "2360"]
[BlackElo "2295"]
[PlyCount "64"]
[EventDate "1989.??.??"]

1. e4 Nf6 2. e5 Nd5 3. d4 d6 4. c4 Nb6 5. f4 dxe5 6. fxe5 Nc6 7. Be3 Bf5 8. Nc3
e6 9. Nf3 Nb4 10. Rc1 c5 11. Be2 Be7 12. O-O O-O 13. a3 cxd4 14. Nxd4 Nc6 15.
Nxf5 exf5 16. Rxf5 g6 17. Rf4 Nxe5 18. c5 Nbd7 19. Nd5 Bg5 20. Rd4 Nc6 21. Rd2
Bxe3+ 22. Nxe3 Qg5 23. Rc3 Nf6 24. Bf3 Rae8 25. Nd5 Ne4 26. Bxe4 Rxe4 27. Rf3
f5 28. Rg3 Qh4 29. Nc3 Re5 30. Rd5 Re7 31. Rd6 Rfe8 32. Qd3 f4 0-1

[Event "BL 8990 Solingen-Zehlendorf"]
[Site "?"]
[Date "1989.??.??"]
[Round "?.1"]
[White "Tal, M."]
[Black "Spassky, B."]
[Result "1/2-1/2"]
[WhiteElo "2585"]
[BlackElo "2580"]
[PlyCount "30"]
[EventDate "1989.??.??"]

1. d4 Nf6 2. c4 e6 3. Nf3 Bb4+ 4. Bd2 Bxd2+ 5. Qxd2 d5 6. Nc3 O-O 7. e3 Qe7 8.
Rd1 Rd8 9. Qc2 dxc4 10. Bxc4 c5 11. O-O cxd4 12. Nxd4 Bd7 13. Ne4 Nc6 14. Nf3
Be8 15. Nxf6+ Qxf6 1/2-1/2

[Event "BL 8990 Solingen-Zehlendorf"]
[Site "?"]
[Date "1989.??.??"]
[Round "?.3"]
[White "Wockenfuss, K."]
[Black "Lobron, E."]
[Result "0-1"]
[WhiteElo "2405"]
[BlackElo "2585"]
[PlyCount "120"]
[EventDate "1989.??.??"]

1. Nf3 c5 2. g3 g6 3. c3 Bg7 4. d4 Qa5 5. Bg2 cxd4 6. Nxd4 Nf6 7. e4 Nc6 8. O-O
O-O 9. Re1 d6 10. Nd2 Bg4 11. f3 Bd7 12. Nf1 h5 13. h4 Rfc8 14. Kh1 Ne5 15. Bg5
Nc4 16. Qe2 Qb6 17. b3 Ne5 18. Rac1 e6 19. Red1 a6 20. c4 Ne8 21. Be3 Qa5 22.
a4 Rab8 23. Bd2 Qd8 24. Bg5 Qc7 25. Be3 Nf6 26. Qd2 Be8 27. Ne2 Bf8 28. a5 Nfd7
29. Nd4 Nc5 30. Rb1 b6 31. axb6 Rxb6 32. Qa2 Rcb8 33. Nd2 Ned3 34. Nc2 d5 35.
Kh2 dxc4 36. Nxc4 Rxb3 37. Rxb3 Rxb3 38. Bf1 Bb5 39. Bxd3 Rxd3 40. Rxd3 Nxd3
41. Nd2 Bd6 42. f4 Nb4 43. Nxb4 Bxb4 44. Bd4 Qc1 45. Nf3 Qd1 46. Qb2 a5 47. Ng5
Qd3 48. Bh8 Bf8 49. Qf6 Be8 50. Qc3 Qe2+ 51. Kh3 a4 52. Qc8 Bb5 53. Nh7 Qf1+
54. Kh2 Qf2+ 55. Kh1 Qe1+ 56. Kh2 Qd2+ 57. Kg1 Qe3+ 58. Kh2 Qc5 59. Qxf8+ Qxf8
60. Nxf8 Kxh8 0-1

[Event "BL 8990 Solingen-Zehlendorf"]
[Site "?"]
[Date "1989.??.??"]
[Round "?.4"]
[White "Lau, R."]
[Black "Cladouras, P."]
[Result "1/2-1/2"]
[WhiteElo "2470"]
[BlackElo "2425"]
[PlyCount "80"]
[EventDate "1989.??.??"]

1. e4 e5 2. Nf3 Nc6 3. Bb5 a6 4. Ba4 Nf6 5. O-O Be7 6. Re1 b5 7. Bb3 d6 8. c3
O-O 9. h3 Na5 10. Bc2 c5 11. d4 Qc7 12. Nbd2 cxd4 13. cxd4 Bd7 14. Nf1 Rac8 15.
Re2 Rfe8 16. Ng3 Nc6 17. a3 Nxd4 18. Nxd4 exd4 19. Qxd4 Be6 20. Be3 Bf8 21. Rd1
Qb7 22. Qd2 Nd7 23. Bd4 Nc5 24. Re3 f6 25. b4 Nd7 26. Bb3 Bxb3 27. Rxb3 Ne5 28.
Rc3 Rxc3 29. Qxc3 Rc8 30. Qb3+ Qf7 31. Qxf7+ Kxf7 32. Bxe5 dxe5 33. Rd7+ Ke8
34. Ra7 Rc1+ 35. Kh2 Ra1 36. Rxa6 Bxb4 37. Rb6 Bxa3 38. Rxb5 g6 39. f3 Re1 40.
h4 h5 1/2-1/2

[Event "BL 8990 Solingen-Zehlendorf"]
[Site "?"]
[Date "1989.??.??"]
[Round "?.5"]
[White "Loeffler, S."]
[Black "Schneider, B1."]
[Result "1-0"]
[WhiteElo "2305"]
[BlackElo "2475"]
[PlyCount "81"]
[EventDate "1989.??.??"]

1. c4 e5 2. g3 Nf6 3. Bg2 c6 4. Nf3 e4 5. Nd4 d5 6. cxd5 Qb6 7. Nc2 cxd5 8. d3
Nc6 9. O-O Be6 10. Nc3 Rd8 11. a4 Be7 12. a5 Qa6 13. b4 b5 14. axb6 Qxb6 15. b5
Nb4 16. Be3 d4 17. Na4 Qxb5 18. Nxd4 Rxd4 19. Bxd4 exd3 20. exd3 O-O 21. Nc3
Qxd3 22. Rxa7 Rd8 23. Bb6 Qxd1 24. Rxd1 Rxd1+ 25. Nxd1 Bf8 26. Ra8 Nd7 27. Bc7
Nd5 28. Bd6 g6 29. Rd8 N5b6 30. Nc3 Kg7 31. Bxf8+ Nxf8 32. Ne4 Nbd7 33. Ng5 Bf5
34. Bd5 f6 35. Ne6+ Bxe6 36. Bxe6 Nxe6 37. Rxd7+ Kh6 38. Rd6 Ng5 39. Rxf6 Ne4
40. Rf7 Nd6 41. Rd7 1-0

[Event "BL 8990 Solingen-Zehlendorf"]
[Site "?"]
[Date "1989.??.??"]
[Round "?.6"]
[White "Reeh, O."]
[Black "Vogel, R."]
[Result "1-0"]
[WhiteElo "2430"]
[BlackElo "2320"]
[PlyCount "91"]
[EventDate "1989.??.??"]

1. e4 c5 2. Nf3 Nc6 3. d4 cxd4 4. Nxd4 Nf6 5. Nc3 d6 6. Bc4 e6 7. Be3 Be7 8.
Qe2 a6 9. O-O-O Qc7 10. Kb1 O-O 11. Bb3 Nd7 12. f4 Nc5 13. Rhf1 Bd7 14. Nxc6
bxc6 15. Bxc5 dxc5 16. e5 Rfb8 17. Ne4 Qb7 18. c3 c4 19. Bxc4 c5 20. Nd6 Bxd6
21. Rxd6 Bc6 22. Rd2 Be4+ 23. Ka1 a5 24. Rfd1 Bc6 25. f5 exf5 26. e6 fxe6 27.
Bxe6+ Kh8 28. Bxf5 Qf7 29. Qe6 Qxe6 30. Bxe6 g6 31. Bd5 Ra6 32. Bxc6 Rxc6 33.
Rd8+ Rxd8 34. Rxd8+ Kg7 35. Ra8 Re6 36. a4 Re2 37. Rxa5 Rxg2 38. Rxc5 Rxh2 39.
a5 Re2 40. a6 h5 41. b4 h4 42. Rd5 h3 43. a7 Re8 44. b5 Ra8 45. b6 Kf6 46. Kb2
1-0

[Event "BL 8990 Solingen-Zehlendorf"]
[Site "?"]
[Date "1989.??.??"]
[Round "?.7"]
[White "Lieb, H."]
[Black "Zysk, R."]
[Result "0-1"]
[WhiteElo "2250"]
[BlackElo "2450"]
[PlyCount "76"]
[EventDate "1989.??.??"]

1. d4 f5 2. g3 Nf6 3. Bg2 g6 4. Nh3 Bg7 5. Nf4 e6 6. Nd2 d6 7. e4 fxe4 8. Nxe4
Nxe4 9. Bxe4 Qf6 10. Be3 c6 11. Bg2 Nd7 12. O-O O-O 13. c3 e5 14. dxe5 Nxe5 15.
Bd4 Qf7 16. Nd3 Be6 17. Bxe5 dxe5 18. f4 exf4 19. Rxf4 Qc7 20. Rxf8+ Rxf8 21.
Nf4 Bf7 22. Qc2 Qb6+ 23. Kh1 g5 24. Nh3 h6 25. a3 Qe3 26. Qf2 Re8 27. Qf5 Re6
28. Rf1 Bg6 29. Qf3 Qd2 30. Nf2 Qxb2 31. Bh3 Re8 32. Bf5 Bxf5 33. Qxf5 Qe2 34.
Kg1 Rf8 35. Qc5 Qf3 36. Rc1 b6 37. Qc4+ Kh8 38. Qd3 Qxf2+ 0-1

[Event "BL 8990 Kirchheim-Regensburg"]
[Site "?"]
[Date "1989.??.??"]
[Round "?.2"]
[White "Graf, J."]
[Black "Gross, S."]
[Result "1-0"]
[WhiteElo "2425"]
[BlackElo "2435"]
[PlyCount "95"]
[EventDate "1989.??.??"]

1. d4 Nf6 2. c4 g6 3. Nc3 Bg7 4. Nf3 O-O 5. Bg5 d6 6. e3 c5 7. Be2 cxd4 8. exd4
Bg4 9. O-O Nc6 10. d5 Bxf3 11. Bxf3 Ne5 12. Be2 Qa5 13. Rc1 Rfc8 14. b3 a6 15.
a4 Ned7 16. Bd2 Qd8 17. Bd3 a5 18. Re1 Nc5 19. Bc2 Qd7 20. Nb5 Re8 21. Bc3 b6
22. Qf3 Rac8 23. h3 Nh5 24. Bxg7 Kxg7 25. Rcd1 Nf6 26. Rd4 Kg8 27. Re3 Rf8 28.
g4 Rce8 29. Kg2 Na6 30. Rf4 Qd8 31. Nd4 Nb4 32. Bb1 Nd7 33. Qg3 Nc5 34. h4 e5
35. dxe6 Nxe6 36. Nxe6 Rxe6 37. Rxe6 fxe6 38. Rxf8+ Kxf8 39. h5 gxh5 40. gxh5
Qe7 41. h6 e5 42. Qf3+ Ke8 43. Qa8+ Kf7 44. Qf3+ Ke8 45. Qg4 Nc6 46. Qg8+ Qf8
47. Bg6+ Ke7 48. Qg7+ 1-0

[Event "BL 8990 Kirchheim-Regensburg"]
[Site "?"]
[Date "1989.??.??"]
[Round "?.3"]
[White "Speckner, R."]
[Black "Gschnitzer, O."]
[Result "1/2-1/2"]
[WhiteElo "2235"]
[BlackElo "2405"]
[PlyCount "88"]
[EventDate "1989.??.??"]

1. Nf3 c5 2. e4 Nc6 3. d4 cxd4 4. Nxd4 Nf6 5. Nc3 d6 6. Bg5 e6 7. Bb5 Bd7 8.
Bxc6 bxc6 9. Qf3 Qb6 10. O-O-O Be7 11. Nb3 e5 12. Bxf6 gxf6 13. Rxd6 Bxd6 14.
Qxf6 Rg8 15. Qxd6 O-O-O 16. Nc5 Rxg2 17. N3a4 Qc7 18. Qf6 Be6 19. Nxe6 fxe6 20.
Nc5 Qd6 21. Nd3 Rdg8 22. Rd1 Rd8 23. b3 Rxh2 24. Nb2 Qc7 25. Qxe6+ Kb7 26. Rxd8
Qxd8 27. Nc4 Rxf2 28. Kb2 h5 29. Nxe5 Qd4+ 30. Ka3 Rxc2 31. Qf7+ Ka6 32. Qf1+
Ka5 33. Qe1+ Kb6 34. Nc4+ Kb7 35. Qb4+ Kc7 36. Qa5+ Kc8 37. Qa6+ Kc7 38. Qa5+
Kd7 39. Qf5+ Kd8 40. Qg5+ Kc8 41. Qxh5 Kb7 42. Qa5 Rxc4 43. bxc4 Qd3+ 44. Kb2
Qxe4 1/2-1/2

[Event "BL 8990 Kirchheim-Regensburg"]
[Site "?"]
[Date "1989.??.??"]
[Round "?.4"]
[White "Mueller, O."]
[Black "Mandl, Ro"]
[Result "1/2-1/2"]
[WhiteElo "2355"]
[BlackElo "2285"]
[PlyCount "93"]
[EventDate "1989.??.??"]

1. e4 e5 2. Nf3 Nc6 3. Bb5 a6 4. Ba4 d6 5. d4 b5 6. Bb3 Nxd4 7. Nxd4 exd4 8.
Bd5 Rb8 9. Qxd4 Nf6 10. Nc3 Be7 11. O-O O-O 12. a3 Re8 13. Bf4 Bb7 14. Bxb7
Rxb7 15. Rfe1 Qc8 16. h3 Nh5 17. Bh2 Bf6 18. Qd3 Be5 19. Rad1 Qe6 20. Bxe5 Qxe5
21. Qd5 Qxd5 22. Nxd5 Kf8 23. g4 Nf6 24. Nxf6 gxf6 25. f3 Re5 26. Rd4 Ke7 27.
Kf2 a5 28. Ke3 Rb8 29. Red1 h5 30. Rd5 hxg4 31. hxg4 Rh8 32. R1d3 Rh2 33. Rc3
Kd7 34. Kf4 Rh1 35. Rd2 Rb1 36. b3 Rh1 37. Kg3 Rh8 38. Rh2 Rxh2 39. Kxh2 c6 40.
Kg3 b4 41. axb4 axb4 42. Rc4 c5 43. Kf4 Kc6 44. c3 bxc3 45. Rxc3 d5 46. exd5+
Rxd5 47. Rc4 1/2-1/2

[Event "BL 8990 Kirchheim-Regensburg"]
[Site "?"]
[Date "1989.??.??"]
[Round "?.5"]
[White "Jell, K."]
[Black "Vonthron, H."]
[Result "1/2-1/2"]
[WhiteElo "2240"]
[BlackElo "2385"]
[PlyCount "121"]
[EventDate "1989.??.??"]

1. e4 d6 2. d4 c6 3. f4 d5 4. e5 Bf5 5. Nf3 e6 6. Bd3 Na6 7. Bxf5 exf5 8. O-O
Nc7 9. c4 dxc4 10. Qc2 Ne7 11. Qxc4 Ne6 12. Nc3 g6 13. g3 Qd7 14. Be3 Nd5 15.
Bf2 Be7 16. a3 h5 17. h4 O-O 18. Rfc1 Rfd8 19. Rd1 a5 20. Qd3 b6 21. Nd2 Qb7
22. Nf1 c5 23. Qf3 cxd4 24. Nb5 Bc5 25. Nxd4 Bxd4 26. Bxd4 Rd7 27. Be3 Rad8 28.
Rd2 Qc7 29. Rad1 Nxe3 30. Rxd7 Rxd7 31. Rxd7 Qxd7 32. Qxe3 Qb5 33. Qd2 Kg7 34.
Ne3 Qb3 35. Kg2 Nc5 36. Kh2 Ne4 37. Qe2 b5 38. Nf1 b4 39. axb4 Qxb4 40. Ne3 Qb3
41. Kg2 a4 42. Kh2 Qb4 43. Nd1 Qc5 44. Kg2 Qd5 45. Kh2 Nd2 46. Ne3 Qd4 47. Nd1
Ne4 48. Kg2 Kh6 49. Kh2 Qd5 50. Ne3 Qb7 51. Nd1 Qb3 52. Ne3 f6 53. exf6 Nxf6
54. Kg2 Qb7+ 55. Kg1 Qe4 56. Qf2 Qb1+ 57. Kg2 Qd3 58. Qf3 Qb3 59. Qe2 Qb7+ 60.
Kg1 Qe4 61. Qf2 1/2-1/2

[Event "BL 8990 Kirchheim-Regensburg"]
[Site "?"]
[Date "1989.??.??"]
[Round "?.6"]
[White "Biebinger, G."]
[Black "Schmid, G."]
[Result "0-1"]
[WhiteElo "2290"]
[BlackElo "2315"]
[PlyCount "78"]
[EventDate "1989.??.??"]

1. c4 g6 2. Nc3 Bg7 3. g3 Nf6 4. Bg2 O-O 5. d4 d6 6. e3 Nbd7 7. Nge2 e5 8. b3
Re8 9. h3 h5 10. a4 e4 11. a5 a6 12. Qc2 Qe7 13. Nf4 c6 14. Ba3 Nf8 15. Rd1 Bf5
16. d5 c5 17. Na4 N6d7 18. b4 cxb4 19. Bxb4 g5 20. Ne2 Ne5 21. O-O Nd3 22. Qb3
Nd7 23. Qa3 Be5 24. Nc1 Nxb4 25. Qxb4 h4 26. g4 Bg6 27. Ne2 f5 28. gxf5 Bxf5
29. Nd4 Bxd4 30. Rxd4 Ne5 31. Kh1 Nd3 32. Qb6 g4 33. Rxd3 exd3 34. hxg4 h3 35.
Bxh3 Qh4 36. Kg2 Bxg4 37. Rh1 Rad8 38. f3 Bxf3+ 39. Kh2 Qf2+ 0-1

[Event "BL 8990 Kirchheim-Regensburg"]
[Site "?"]
[Date "1989.??.??"]
[Round "?.7"]
[White "Muehl, T."]
[Black "Schindler, W."]
[Result "0-1"]
[WhiteElo "2280"]
[BlackElo "2295"]
[PlyCount "94"]
[EventDate "1989.??.??"]

1. Nf3 c5 2. g3 Nc6 3. Bg2 g6 4. d3 Bg7 5. Nbd2 e6 6. O-O d6 7. c3 Nge7 8. e4
O-O 9. Ng5 h6 10. Nh3 Rb8 11. f4 b5 12. Nf3 b4 13. c4 e5 14. Nf2 exf4 15. gxf4
f5 16. Qe2 Kh7 17. Be3 b3 18. a3 Nd4 19. Nxd4 cxd4 20. Bd2 Re8 21. Qf3 Ng8 22.
Rae1 fxe4 23. dxe4 Be6 24. Rc1 Qb6 25. Qd3 Nf6 26. Kh1 Nd7 27. Rg1 Nc5 28. Qg3
Bf7 29. Bf3 Rg8 30. Qh3 Qb7 31. f5 gxf5 32. Qxf5+ Kh8 33. Qh3 Be6 34. Qh4 Qf7
35. Rg3 Be5 36. Qxh6+ Qh7 37. Rxg8+ Rxg8 38. Rg1 Rxg1+ 39. Kxg1 Qxh6 40. Bxh6
Bxc4 41. h4 d3 42. Nd1 Na4 43. Bc1 d2 44. Bxd2 Nxb2 45. Nc3 Bd3 46. Kf2 Nc4 47.
Ke1 b2 0-1

[Event "BL 8990 Sindelfingen-Bamberg"]
[Site "?"]
[Date "1989.??.??"]
[Round "?.1"]
[White "Unzicker, W."]
[Black "Darga, K."]
[Result "1/2-1/2"]
[WhiteElo "2475"]
[BlackElo "2470"]
[PlyCount "39"]
[EventDate "1989.??.??"]

1. e4 e5 2. Nf3 Nc6 3. Bb5 a6 4. Ba4 d6 5. O-O Bd7 6. c3 g6 7. d4 Bg7 8. dxe5
Nxe5 9. Nxe5 dxe5 10. Be3 Nf6 11. Nd2 O-O 12. Bg5 h6 13. Bxf6 Bxf6 14. Bxd7
Qxd7 15. Nf3 Qxd1 16. Rfxd1 Rfd8 17. Kf1 Kf8 18. Ke2 Ke7 19. Rxd8 Rxd8 20. Rd1
1/2-1/2

[Event "BL 8990 Sindelfingen-Bamberg"]
[Site "?"]
[Date "1989.??.??"]
[Round "?.3"]
[White "Meister, P."]
[Black "Rajkovic, D."]
[Result "0-1"]
[WhiteElo "2425"]
[BlackElo "2465"]
[PlyCount "44"]
[EventDate "1989.??.??"]

1. d4 Nf6 2. c4 e6 3. Nf3 b6 4. g3 Ba6 5. Qa4 Bb7 6. Bg2 c5 7. dxc5 bxc5 8. O-O
Be7 9. Nc3 O-O 10. Rd1 d6 11. Bf4 Qb6 12. Qc2 Rd8 13. Rd2 h6 14. h3 Nc6 15. Be3
Nb4 16. Qb3 Qa6 17. Nb5 Rac8 18. Rdd1 Be4 19. Ne1 Bxg2 20. Nxg2 d5 21. Bf4 dxc4
22. Qxc4 Rd4 0-1

[Event "BL 8990 Sindelfingen-Bamberg"]
[Site "?"]
[Date "1989.??.??"]
[Round "?.4"]
[White "Fahnenschmidt, G."]
[Black "Kurz, A."]
[Result "1/2-1/2"]
[WhiteElo "2405"]
[BlackElo "2285"]
[PlyCount "86"]
[EventDate "1989.??.??"]

1. d4 Nf6 2. c4 g6 3. Nc3 Bg7 4. e4 d6 5. Nf3 O-O 6. Be2 e5 7. Be3 exd4 8. Nxd4
Re8 9. Qc2 Qe7 10. Bf3 Nbd7 11. O-O-O c6 12. Bf4 Nb6 13. b3 Bg4 14. Rhe1 Nh5
15. Be3 Bxf3 16. Nxf3 d5 17. exd5 Qa3+ 18. Qb2 Qb4 19. Bd4 Rxe1 20. Nxe1 Bxd4
21. Rxd4 cxd5 22. Nd3 Qd6 23. c5 Qf6 24. Nxd5 Nxd5 25. Rxd5 Qh4 26. Qe5 Rd8 27.
Rxd8+ Qxd8 28. Kc2 Ng7 29. Nf4 Nf5 30. Nd5 h5 31. h3 h4 32. b4 Kh7 33. a3 a6
34. Qe4 Kg8 35. Kc3 Qg5 36. Ne3 Qf6+ 37. Kc4 b5+ 38. Kb3 Nd4+ 39. Kc3 Ne6+ 40.
Kd3 Qxf2 41. c6 Nf4+ 42. Kd4 Ne6+ 43. Kd3 Nf4+ 1/2-1/2

[Event "BL 8990 Sindelfingen-Bamberg"]
[Site "?"]
[Date "1989.??.??"]
[Round "?.5"]
[White "Goehring, K."]
[Black "Kraut, R."]
[Result "0-1"]
[WhiteElo "2310"]
[BlackElo "2380"]
[PlyCount "54"]
[EventDate "1989.??.??"]

1. e4 c5 2. Nc3 e6 3. g3 Nc6 4. Bg2 g6 5. d3 Bg7 6. f4 d6 7. Nf3 Nge7 8. O-O
O-O 9. Be3 b6 10. Rb1 Nd4 11. Ne2 Nxf3+ 12. Bxf3 Bb7 13. g4 f5 14. Ng3 Qd7 15.
Qe2 Rae8 16. Qg2 Qa4 17. c3 fxg4 18. Bxg4 Nf5 19. Bd2 Qc2 20. Qe2 Nxg3 21. hxg3
Ba6 22. c4 Bxb2 23. e5 d5 24. Rfc1 Bxc1 25. Rxc1 Qb2 26. Qf2 dxc4 27. dxc4 Re7
0-1

[Event "BL 8990 Sindelfingen-Bamberg"]
[Site "?"]
[Date "1989.??.??"]
[Round "?.6"]
[White "Bialas, W."]
[Black "Hartmann, G."]
[Result "1/2-1/2"]
[WhiteElo "2370"]
[BlackElo "2275"]
[PlyCount "91"]
[EventDate "1989.??.??"]

1. g3 g6 2. Bg2 Bg7 3. f4 c5 4. Nf3 Nc6 5. d3 d5 6. O-O Nf6 7. c3 h5 8. Qe1 b6
9. Na3 Ba6 10. Rb1 Bb7 11. b4 Qc7 12. e4 dxe4 13. dxe4 O-O-O 14. bxc5 bxc5 15.
Qe3 Qa5 16. Ne5 Nxe5 17. Rb5 Neg4 18. Rxc5+ Kb8 19. Rxa5 Nxe3 20. Bxe3 Nxe4 21.
Bxa7+ Kc8 22. Rb1 Rd2 23. Bd4 Rxd4 24. Bh3+ f5 25. cxd4 Bxd4+ 26. Kg2 Nc3+ 27.
Rxb7 Kxb7 28. Kf3 Rc8 29. Bf1 Rc6 30. Nc4 Bf6 31. Ra3 Re6 32. Ne5 Bxe5 33. fxe5
Nd5 34. Bc4 Rxe5 35. Ra5 e6 36. Bxd5+ Kb6 37. Bxe6 Kxa5 38. Bf7 g5 39. Bxh5 Rc5
40. h4 Rc3+ 41. Kf2 gxh4 42. gxh4 Rh3 43. Bg6 Rxh4 44. Kf3 f4 45. Bf5 Kb4 46.
Bg4 1/2-1/2

[Event "BL 8990 Sindelfingen-Bamberg"]
[Site "?"]
[Date "1989.??.??"]
[Round "?.8"]
[White "Runau, R."]
[Black "Kestler, H."]
[Result "1/2-1/2"]
[WhiteElo "2335"]
[BlackElo "2355"]
[PlyCount "39"]
[EventDate "1989.??.??"]

1. e4 e5 2. Nf3 Nc6 3. Bb5 Nf6 4. O-O Nxe4 5. d4 Nd6 6. Bxc6 dxc6 7. dxe5 Nf5
8. Qxd8+ Kxd8 9. a4 h6 10. a5 Be6 11. Ra4 Ke8 12. Rd1 Rd8 13. Rxd8+ Kxd8 14.
Nc3 Be7 15. g4 Nh4 16. Nxh4 Bxh4 17. Be3 a6 18. Ne4 Be7 19. Nc5 Bxc5 20. Bxc5
1/2-1/2

[Event "BL 8990 Regensburg-Sindelfingen"]
[Site "?"]
[Date "1989.??.??"]
[Round "?.1"]
[White "Darga, K."]
[Black "Meduna, E."]
[Result "1/2-1/2"]
[WhiteElo "2470"]
[BlackElo "2475"]
[PlyCount "35"]
[EventDate "1989.??.??"]

1. d4 Nf6 2. c4 c6 3. Nc3 d5 4. e3 g6 5. Nf3 Bg7 6. Be2 O-O 7. O-O Bg4 8. cxd5
cxd5 9. Qb3 b6 10. h3 Bxf3 11. Bxf3 e6 12. Bd2 Nc6 13. Qa4 Na5 14. b3 a6 15.
Ne2 Qd7 16. Qxd7 Nxd7 17. Rac1 Rac8 18. Rxc8 1/2-1/2

[Event "BL 8990 Regensburg-Sindelfingen"]
[Site "?"]
[Date "1989.??.??"]
[Round "?.2"]
[White "Gross, S."]
[Black "Mohr, S."]
[Result "1-0"]
[WhiteElo "2435"]
[BlackElo "2485"]
[PlyCount "74"]
[EventDate "1989.??.??"]

1. c4 e5 2. d4 exd4 3. Nf3 c5 4. e3 dxe3 5. Bxe3 Nf6 6. Nc3 d6 7. Qb3 Be7 8.
O-O-O Na6 9. h3 O-O 10. g4 b6 11. g5 Ne8 12. Rg1 Nac7 13. Bg2 Bd7 14. Rd2 Qc8
15. Ne1 Rb8 16. Nd3 b5 17. cxb5 Nxb5 18. Nd5 Qd8 19. Nxe7+ Qxe7 20. Nf4 Nec7
21. g6 Be6 22. gxh7+ Kh8 23. Qa4 Rfd8 24. Bf1 Bf5 25. Nh5 Nc3 26. Qa5 Ne4 27.
Rc2 g6 28. Nf4 d5 29. Bg2 d4 30. Bd2 Rb5 31. Qa3 Qd6 32. Nd3 Nxd2 33. Rxd2 c4
34. Qxd6 Rxd6 35. Nf4 c3 36. Re2 d3 37. Re7 d2+ 1-0

[Event "BL 8990 Regensburg-Sindelfingen"]
[Site "?"]
[Date "1989.??.??"]
[Round "?.3"]
[White "Rajkovic, D."]
[Black "Speckner, R."]
[Result "1-0"]
[WhiteElo "2465"]
[BlackElo "2235"]
[PlyCount "143"]
[EventDate "1989.??.??"]

1. d4 Nf6 2. c4 g6 3. Nc3 Bg7 4. e4 d6 5. f3 O-O 6. Bg5 Nc6 7. Nge2 a6 8. Qd2
Rb8 9. Bh6 b5 10. Bxg7 Kxg7 11. cxb5 axb5 12. Rc1 Na5 13. Ng3 c6 14. d5 b4 15.
Nd1 cxd5 16. exd5 Qb6 17. Ne3 Bd7 18. Be2 e5 19. h4 Ng8 20. h5 f5 21. Nd1 Rbc8
22. hxg6 hxg6 23. Rxc8 Rxc8 24. b3 Nf6 25. Qg5 Kf7 26. f4 Rg8 27. Rh6 Qg1+ 28.
Nf1 Qd4 29. fxe5 dxe5 30. Rh4 e4 31. Nfe3 Nb7 32. Rh1 Nc5 33. Nc2 Nd3+ 34. Bxd3
Qxd3 35. Nxb4 Qd4 36. Qd2 Qe5 37. Qc3 Qd6 38. Nb2 Bb5 39. Nc4 Bxc4 40. bxc4 Rb8
41. a3 Qc5 42. Kd1 Rc8 43. Nc6 Qd6 44. Kc2 Qc5 45. Ne5+ Kg7 46. Nc6 Qf2+ 47.
Qd2 e3 48. Qxf2 exf2 49. a4 Ng4 50. Kd2 Kf6 51. a5 Ne5 52. Kc3 Nxc6 53. dxc6
Ke5 54. Rf1 Kd6 55. Rxf2 Kxc6 56. Re2 Ra8 57. Re6+ Kc5 58. a6 Rg8 59. Rf6 Rg7
60. g3 Rg8 61. a7 Ra8 62. Ra6 g5 63. Ra5+ Kd6 64. Rxf5 Rxa7 65. Rxg5 Ra1 66.
Kd4 Rd1+ 67. Ke3 Rf1 68. Rd5+ Ke6 69. g4 Rf8 70. Ke4 Rf1 71. Re5+ Kd6 72. c5+
1-0

[Event "BL 8990 Regensburg-Sindelfingen"]
[Site "?"]
[Date "1989.??.??"]
[Round "?.4"]
[White "Mandl, Ro"]
[Black "Fahnenschmidt, G."]
[Result "0-1"]
[WhiteElo "2285"]
[BlackElo "2405"]
[PlyCount "124"]
[EventDate "1989.??.??"]

1. c4 e5 2. g3 Nf6 3. Bg2 d5 4. cxd5 Nxd5 5. Nc3 Nb6 6. Nf3 Nc6 7. O-O Be7 8.
d3 O-O 9. Be3 Bg4 10. a3 f5 11. b4 Bf6 12. Rc1 Kh8 13. Nd2 Rb8 14. Nb3 Nd4 15.
Re1 c6 16. Nc5 Qe7 17. Qd2 Qf7 18. Qb2 Nd7 19. Nxd7 Qxd7 20. a4 Be7 21. f4 Bf6
22. Kh1 Rbe8 23. fxe5 Rxe5 24. Bxd4 Qxd4 25. Qd2 Qxb4 26. Rb1 Qe7 27. d4 Re6
28. e4 fxe4 29. Rxe4 Rxe4 30. Bxe4 Rd8 31. Qf4 Be6 32. Ne2 Bc4 33. Re1 Qxe4+
34. Qxe4 Bd5 35. Qxd5 Rxd5 36. Nf4 Rd8 37. Rb1 b6 38. Rc1 Rd6 39. d5 cxd5 40.
Rc8+ Rd8 41. Rxd8+ Bxd8 42. Nxd5 Kg8 43. Kg2 Kf7 44. Kf3 Ke6 45. Ke4 Bf6 46.
Nb4 Kd6 47. Kd3 a5 48. Nc2 Kc5 49. g4 b5 50. axb5 Kxb5 51. h3 a4 52. Na3+ Kb4
53. Nc4 a3 54. Nxa3 Kxa3 55. Ke4 Kb3 56. Kf5 h6 57. Kg6 Kc4 58. h4 Kd5 59. g5
hxg5 60. hxg5 Ke6 61. Kh5 Kf5 62. g6 Bc3 0-1